Land policy in modern Indonesia

Bibliographic Details
Main Author: MacAndrews, Colin
Corporate Author: Lincoln Institute of Land Policy
Format: Book
Published: Boston : Oelgechlager, Gunn & Hain , 1986
Subjects:

MARC

LEADER 00000cam a2200000 7i4500
001 0000002296
005 20050503.0
040 |a INS 
090 0 0 |a HD893.   |b M33 1986 
100 1 |a MacAndrews, Colin 
245 1 0 |a Land policy in modern Indonesia   |c Colin MacAndrews 
260 |a Boston :   |b Oelgechlager, Gunn & Hain ,   |c 1986 
300 |a 119 p ;   |c 22.5 cm. 
650 0 0 |a Land tenure   |z Indonesia 
650 0 0 |a Land   |x Government policy   |z Indonesia 
710 1 |a Lincoln Institute of Land Policy 
999 |a 0000003867   |b BOOK   |c Open Shelf   |e Default branch